[Event "blitz-d18"]
[Site "?"]
[Date "2021.08.27"]
[Round "13.9"]
[White "Filipska, Maja"]
[Black "Vanduyfhuys, Daria"]
[Result "1-0"]
[BlackElo "1784"]
[WhiteElo "1541"]
[LiveChessVersion "1.4.4"]

1. e4 {[%clk 0:03:03]} c5 {[%clk 0:03:04]} 2. Nf3 {[%clk 0:03:04]} Nc6
{[%clk 0:03:05]} 3. d4 {[%clk 0:03:05]} cxd4 {[%clk 0:03:06]} 4. Nxd4
{[%clk 0:03:07]} e5 {[%clk 0:03:07]} 5. Nb5 {[%clk 0:03:08]} d6 {[%clk 0:03:08]}
6. N1c3 {[%clk 0:03:09]} a6 {[%clk 0:03:09]} 7. Na3 {[%clk 0:03:10]} b5
{[%clk 0:03:10]} 8. Nd5 {[%clk 0:03:11]} Nf6 {[%clk 0:03:11]} 9. Bg5
{[%clk 0:03:12]} Be7 {[%clk 0:03:12]} 10. Bxf6 {[%clk 0:03:13]} Bxf6
{[%clk 0:03:13]} 11. c3 {[%clk 0:03:14]} O-O {[%clk 0:03:13]} 12. h4
{[%clk 0:03:12]} Bb7 {[%clk 0:03:06]} 13. Be2 {[%clk 0:03:06]} Rc8
{[%clk 0:02:45]} 14. Qd3 {[%clk 0:02:54]} Be7 {[%clk 0:02:33]} 15. Rd1
{[%clk 0:02:46]} Re8 {[%clk 0:02:06]} 16. Nxe7+ {[%clk 0:02:39]} Nxe7
{[%clk 0:02:06]} 17. Qxd6 {[%clk 0:02:29]} Qxd6 {[%clk 0:02:01]} 18. Rxd6
{[%clk 0:02:30]} Red8 {[%clk 0:01:13]} 19. Rxd8+ {[%clk 0:02:20]} Rxd8
{[%clk 0:01:14]} 20. f3 {[%clk 0:02:13]} Ng6 {[%clk 0:01:15]} 21. Kf2
{[%clk 0:01:58]} Rd2 {[%clk 0:01:12]} 22. Rd1 {[%clk 0:01:57]} Rxb2
{[%clk 0:01:12]} 23. Rd8+ {[%clk 0:01:53]} Nf8 {[%clk 0:01:13]} 24. Rb8
{[%clk 0:01:39]} Rxa2 {[%clk 0:00:59]} 25. Nxb5 {[%clk 0:01:25]} Bxe4
{[%clk 0:00:48]} 26. fxe4 {[%clk 0:01:17]} axb5 {[%clk 0:00:48]} 27. Rxb5
{[%clk 0:01:16]} f6 {[%clk 0:00:47]} 28. Ke3 {[%clk 0:01:13]} Ra4
{[%clk 0:00:43]} 29. Rb8 {[%clk 0:01:12]} g6 {[%clk 0:00:41]} 30. Bb5
{[%clk 0:01:10]} Ra1 {[%clk 0:00:35]} 31. Bc4+ {[%clk 0:01:03]} Kg7
{[%clk 0:00:36]} 32. Rb7+ {[%clk 0:01:03]} Kh6 {[%clk 0:00:36]} 33. Rf7
{[%clk 0:01:03]} Ra8 {[%clk 0:00:26]} 34. Rxf6 {[%clk 0:01:00]} Rc8
{[%clk 0:00:24]} 35. Kd3 {[%clk 0:00:56]} Nd7 {[%clk 0:00:25]} 36. Rd6
{[%clk 0:00:46]} Nc5+ {[%clk 0:00:25]} 37. Ke3 {[%clk 0:00:40]} Nb7
{[%clk 0:00:22]} 38. Rb6 {[%clk 0:00:28]} Rxc4 {[%clk 0:00:23]} 39. Rxb7
{[%clk 0:00:28]} Rxc3+ {[%clk 0:00:23]} 40. Kf2 {[%clk 0:00:29]} Rc4
{[%clk 0:00:17]} 41. Kf3 {[%clk 0:00:29]} Rc3+ {[%clk 0:00:18]} 42. Kf2
{[%clk 0:00:29]} Rc2+ {[%clk 0:00:19]} 43. Kf3 {[%clk 0:00:28]} Rc3+
{[%clk 0:00:20]} 44. Ke2 {[%clk 0:00:26]} Rg3 {[%clk 0:00:17]} 45. Kf2
{[%clk 0:00:25]} Rg4 {[%clk 0:00:18]} 46. Re7 {[%clk 0:00:21]} Rxe4
{[%clk 0:00:19]} 47. Kf3 {[%clk 0:00:21]} Rxh4 {[%clk 0:00:19]} 48. Rxe5
{[%clk 0:00:22]} Rh1 {[%clk 0:00:19]} 49. Re7 {[%clk 0:00:22]} Kg5
{[%clk 0:00:20]} 50. Kg3 {[%clk 0:00:22]} h5 {[%clk 0:00:21]} 51. Re5+
{[%clk 0:00:21]} Kf6 {[%clk 0:00:22]} 52. Ra5 {[%clk 0:00:22]} Re1
{[%clk 0:00:22]} 53. Kf2 {[%clk 0:00:19]} Re6 {[%clk 0:00:22]} 54. Kf3
{[%clk 0:00:19]} g5 {[%clk 0:00:22]} 55. g3 {[%clk 0:00:19]} Re5 {[%clk 0:00:20]}
56. Ra3 {[%clk 0:00:18]} Kf5 {[%clk 0:00:21]} 57. Ra4 {[%clk 0:00:19]} Rb5
{[%clk 0:00:18]} 58. Ra3 {[%clk 0:00:19]} g4+ {[%clk 0:00:11]} 59. Ke3
{[%clk 0:00:16]} Re5+ {[%clk 0:00:11]} 60. Kf2 {[%clk 0:00:16]} Kg5
{[%clk 0:00:11]} 61. Ra8 {[%clk 0:00:16]} Re6 {[%clk 0:00:11]} 62. Rg8+
{[%clk 0:00:16]} Rg6 {[%clk 0:00:13]} 63. Ra8 {[%clk 0:00:16]} Rf6+
{[%clk 0:00:13]} 64. Kg2 {[%clk 0:00:18]} Rf3 {[%clk 0:00:10]} 65. Ra5+
{[%clk 0:00:17]} Kg6 {[%clk 0:00:11]} 66. Ra6+ {[%clk 0:00:18]} Kg5
{[%clk 0:00:11]} 67. Ra5+ {[%clk 0:00:19]} Rf5 {[%clk 0:00:12]} 68. Ra8
{[%clk 0:00:19]} Rb5 {[%clk 0:00:08]} 69. Rg8+ {[%clk 0:00:19]} Kf6
{[%clk 0:00:09]} 70. Rf8+ {[%clk 0:00:19]} Kg7 {[%clk 0:00:10]} 71. Ra8
{[%clk 0:00:18]} Rb2+ {[%clk 0:00:11]} 72. Kg1 {[%clk 0:00:19]} Kf6
{[%clk 0:00:07]} 73. Ra5 {[%clk 0:00:19]} Kg6 {[%clk 0:00:08]} 74. Rc5
{[%clk 0:00:19]} Ra2 {[%clk 0:00:05]} 75. Rb5 {[%clk 0:00:20]} Ra3
{[%clk 0:00:05]} 76. Kg2 {[%clk 0:00:20]} Ra2+ {[%clk 0:00:05]} 77. Kg1
{[%clk 0:00:21]} Rd2 {[%clk 0:00:04]} 78. Ra5 {[%clk 0:00:21]} Rd6
{[%clk 0:00:04]} 79. Kg2 {[%clk 0:00:21]} Rf6 {[%clk 0:00:05]} 80. Rb5
{[%clk 0:00:22]} Rf5 {[%clk 0:00:06]} 81. Rb8 {[%clk 0:00:23]} Kg5
{[%clk 0:00:08]} 82. Rg8+ {[%clk 0:00:23]} Kf6 {[%clk 0:00:08]} 83. Rf8+
{[%clk 0:00:24]} Ke5 {[%clk 0:00:10]} 84. Ra8 {[%clk 0:00:23]} Ke4
{[%clk 0:00:11]} 85. Ra3 {[%clk 0:00:22]} Rd5 {[%clk 0:00:11]} 86. Ra4+
{[%clk 0:00:20]} Rd4 {[%clk 0:00:12]} 87. Ra2 {[%clk 0:00:19]} Ke3
{[%clk 0:00:12]} 88. Ra5 {[%clk 0:00:12]} Rd2+ {[%clk 0:00:13]} 89. Kf1
{[%clk 0:00:06]} Rh2 {[%clk 0:00:07]} 90. Kg1 {[%clk 0:00:05]} Rc2
{[%clk 0:00:04]} 91. Ra3+ {[%clk 0:00:05]} Kd4 {[%clk 0:00:04]} 92. Ra5
{[%clk 0:00:05]} Rc5 {[%clk 0:00:04]} 93. Ra4+ {[%clk 0:00:06]} Ke3
{[%clk 0:00:05]} 94. Ra3+ {[%clk 0:00:06]} Ke4 {[%clk 0:00:06]} 95. Ra4+
{[%clk 0:00:07]} Ke5 {[%clk 0:00:05]} 96. Ra8 {[%clk 0:00:07]} Rd5
{[%clk 0:00:06]} 97. Ra2 {[%clk 0:00:07]} Ke4 {[%clk 0:00:08]} 98. Kg2
{[%clk 0:00:08]} Ke3 {[%clk 0:00:07]} 99. Ra3+ {[%clk 0:00:08]} Rd3
{[%clk 0:00:07]} 100. Ra5 {[%clk 0:00:07]} Rd2+ {[%clk 0:00:08]} 101. Kg1
{[%clk 0:00:08]} Kf3 {[%clk 0:00:09]} 102. Ra3+ {[%clk 0:00:08]} Ke2
{[%clk 0:00:09]} 103. Kg2 {[%clk 0:00:06]} Ke1+ {[%clk 0:00:03]} 104. Kg1
{[%clk 0:00:06]} Ke2 {[%clk 0:00:03]} 105. Kg2 {[%clk 0:00:07]} Rd3
{[%clk 0:00:05]} 106. Ra6 {[%clk 0:00:06]} Rf3 {[%clk 0:00:05]} 107. Ra2+
{[%clk 0:00:07]} Ke3 {[%clk 0:00:06]} 108. Ra3+ {[%clk 0:00:08]} Ke4
{[%clk 0:00:07]} 109. Ra4+ {[%clk 0:00:09]} Kf5 {[%clk 0:00:08]} 110. Ra5+
{[%clk 0:00:10]} Kg6 {[%clk 0:00:09]} 111. Rb5 {[%clk 0:00:11]} Rf5
{[%clk 0:00:09]} 112. Rb2 {[%clk 0:00:10]} Kg5 {[%clk 0:00:10]} 113. Rb8
{[%clk 0:00:11]} Rf6 {[%clk 0:00:10]} 114. Rb5+ {[%clk 0:00:12]} Rf5
{[%clk 0:00:11]} 115. Rb8 {[%clk 0:00:13]} Kf6 {[%clk 0:00:12]} 116. Rb6+
{[%clk 0:00:13]} Ke5 {[%clk 0:00:12]} 117. Rb4 {[%clk 0:00:13]} Kd5
{[%clk 0:00:05]} 118. Ra4 {[%clk 0:00:13]} Re5 {[%clk 0:00:04]} 119. Ra5+
{[%clk 0:00:11]} Ke4 {[%clk 0:00:05]} 120. Ra4+ {[%clk 0:00:11]} Kf5
{[%clk 0:00:06]} 121. Rf4+ {[%clk 0:00:10]} Kg5 {[%clk 0:00:06]} 122. Rf2
{[%clk 0:00:10]} h4 {[%clk 0:00:07]} 123. gxh4+ {[%clk 0:00:08]} Kxh4
{[%clk 0:00:08]} 124. Ra2 {[%clk 0:00:09]} Rb5 {[%clk 0:00:08]} 125. Rc2
{[%clk 0:00:09]} Rb3 {[%clk 0:00:08]} 126. Ra2 {[%clk 0:00:09]} Rg3+
{[%clk 0:00:06]} 127. Kh2 {[%clk 0:00:09]} Rf3 {[%clk 0:00:05]} 128. Kg2
{[%clk 0:00:07]} Re3 {[%clk 0:00:03]} 129. Rb2 {[%clk 0:00:07]} Kg5
{[%clk 0:00:04]} 130. Ra2 {[%clk 0:00:06]} Kf4 {[%clk 0:00:04]} 131. Ra4+
{[%clk 0:00:06]} Re4 {[%clk 0:00:04]} 132. Ra2 {[%clk 0:00:07]} g3 1-0